Statistics for Los Angeles Lakers Trivia

Click here to take the quiz!

General Stats

  • This quiz has been taken 11,586 times
  • The average score is 14 of 20

Answer Stats

HintAnswer% Correct
Four-time MVP who the Lakers signed in 2018Lebron James
98%
The Lakers' all-time leading scorerKobe Bryant
94%
Current player who is famous for his unibrowAnthony Davis
90%
Other NBA team that plays in that same arenaLos Angeles Clippers
87%
Former player whose silhouette appears on the NBA logoJerry West
86%
Player who dunked the ball 1,687 times during his Lakers career from 1996–2004Shaquille O'Neal
83%
Nickname of the aboveBlack Mamba
82%
Kareem Abdul-Jabbar's signature shotSkyhook
82%
Country that Pau Gasol comes fromSpain
77%
Magic Johnson's real first nameEarvin
71%
Coach who led the Lakers to five titles between 1999–2011Phil Jackson
71%
City that the Lakers played in before moving to Los Angeles in 1960Minneapolis
67%
Hall of Fame player who ended his legendary NBA career with a dunk in 1973Wilt Chamberlain
66%
Pistons player that Magic Johnson kissed prior to tipoff in the 1988 NBA finalsIsiah Thomas
64%
Nickname of the Lakers during the 1980sShowtime
60%
Former player known as "Big Game James"James Worthy
59%
Totally legit company that paid $700 million for the naming rights to the
Lakers arena in 2021
Crypto.com
58%
The Lakers' coach during those yearsPat Riley
45%
Lakers' leading scoring during the 1960sElgin Baylor
44%
Former player known as "Big Shot Bob"Robert Horry
40%

Score Distribution

Percentile by Number Answered

Percent of People with Each Score

Your Score History

You have not taken this quiz